| 000 | 00394nam a2200133 4500 | ||
|---|---|---|---|
| 008 | 01965 0a 000 0MEX | ||
| 050 | _aQD151.2 J91 | ||
| 082 | _a547.1 J251q | ||
| 100 | _aJu rez y Contreras, Clemente | ||
| 245 | _aQuímica inorg nica elemental / Clemente, Ju rez y Contreras | ||
| 260 | _aMéxico : IPN | ||
| 300 | _a564p. / 23 cm. | ||
| 650 | _a1. QUIMICA INORGANICA | ||
| 999 |
_c20405 _d20405 |
||